000 00390nam a22001337a 4500
003 SGT
082 _a617.63
_bI12D
100 _aDALAL, SAPNA
245 _aINTRA ORAL RADIOGRAPHY & CONE BEAM CT IN THE STUDY OF PATHOLOGY IN THE PERIAPICAL AREA: A COMPARATIVE STUDY
260 _aDELHI NCR
_bSGT UNIVERSITY GURUGRAM
_c2011
300 _a1-44
650 _aORAL MEDICINE
942 _2ddc
_cTH
999 _c16006
_d16006